Hard Mario Trivia Quiz - Statistics

General Stats
  • This quiz has been taken 29 times
  • The average score is 6 of 10
Answer Stats
Question Answer % Correct
Which of these is NOT capturable in Super Mario Odyssey? Koopa Troopa
84%
Which kingdom DOES NOT exist in Super Mario Odyssey? Nature Kingdom
80%
Which of these partners is NOT in Paper Mario: The Thousand-Year Door? Thoreau
64%
Which of these sports has Mario never played? Frisbee
52%
Which of these characters made their debut the earliest? Koopalings
52%
How many kingdoms are in Super Mario Odyssey? 17
48%
When was Super Mario Galaxy 2 released? 2010
48%
Which of these is NOT playable in Super Mario Party Jamboree? Hammer Bro
48%
How many Mario Party games are there? 18
40%
Which of these are NOT canon to the Mario Universe? Sleep Cheep
36%
No matching quizzes found
Score Distribution
Percent of People with Each Score
Percentile by Number Answered
Your Score History
You have not taken this quiz